Tax aspects of working and doing business in a selected non-EU country – differences, advantages and disadvantages compared to EU countries diplomová práca
Gespeichert in:
| 1. Verfasser: | |
|---|---|
| Körperschaft: | |
| Weitere Verfasser: | |
| Format: | Buch |
| Sprache: | Englisch |
| Veröffentlicht: |
Bratislava
2025
|
| Tags: |
Keine Tags, Fügen Sie das erste Tag hinzu!
|
MARC
| LEADER | 00000nbm a2200000 4500 | ||
|---|---|---|---|
| 001 | 0309309 | ||
| 005 | 20251016123751.0 | ||
| 041 | 0 | |a eng | |
| 044 | |a SK | ||
| 245 | 1 | 0 | |a Tax aspects of working and doing business in a selected non-EU country – differences, advantages and disadvantages compared to EU countries |b diplomová práca |c Natália Hargašová ; školiteľ: Marcela Rabatinová |
| 264 | 1 | |a Bratislava |c 2025 | |
| 300 | |a 75 s. | ||
| 100 | 1 | |a Hargašová, Natália | |
| 700 | 1 | |a Rabatinová, Marcela, 1977- | |
| 710 | 2 | |a Národohospodárska fakulta EU. Katedra financií | |